|
|
|
|
| LEADER |
01072nam a2200277 a 4500 |
| 001 |
11215730 |
| 008 |
091122s1997 nyua s i0 a0eng d |
| 010 |
|
|
|a 78067086
|
| 020 |
|
|
|a 0195211154
|
| 020 |
|
|
|a 0195211146
|
| 040 |
|
|
|a DGU
|c DGU
|d DLC
|d NSDP
|
| 082 |
0 |
0 |
|a 330.9/172/4
|
| 245 |
0 |
0 |
|a World development report 1997 :
|b the state in a chaging world
|
| 260 |
|
|
|a New York
|b Oxford University Press.
|c 1997
|
| 300 |
|
|
|a viii, 265 p. :
|b ill., maps. ;
|c 27 cm.
|
| 310 |
|
|
|a Annual
|
| 500 |
|
|
|a Published for the World Bank.
|
| 504 |
|
|
|a includes bibliographical references.
|
| 541 |
1 |
|
|e 00006346
|
| 650 |
|
0 |
|a Economic development
|v Periodicals.
|
| 651 |
|
0 |
|a Developing countries
|x Economic conditions
|v Periodicals.
|
| 710 |
2 |
|
|a World Development Bank
|
| 890 |
|
|
|a World development report. (Oxford University Press) New York.
|i 78-67086
|
| 852 |
4 |
|
|a Ayesha Abed Library
|j General Shelf
|
| 999 |
|
|
|c 7596
|d 7596
|
| 952 |
|
|
|0 0
|1 0
|2 ddc
|4 0
|6 330_917240000000000_WOR_1997
|7 0
|9 8283
|a BRACUL
|b BRACUL
|c GEN
|d 2010-02-17
|l 0
|o 330.91724 WOR
|p 3010006346
|r 2010-02-17
|w 2010-02-17
|y BK
|